000 00473nam a2200193Ia 4500
008 210210b1929 xxu||||| |||| 00| 0 eng d
041 _aeng
082 _a444/490
100 _aMANSION (J E)
245 _aMaterials for conversation and exercises
260 _aLondon
_bGeorge G Harrap and Company Limited
_c1929
650 _aMaterials
650 _afor
650 _aexercises
650 _aconversation
650 _aand
690 _aFrench
906 _a006685
999 _c129675
_d129675